000
00295nam a22001217a 4500
020
_a
851202713
082
_a
346.42077
245
_a
Parks Collection of Debts.
260
_a
London.
_b
Oyez Publishing
_c
1976
300
_a
xvi, 179p.
_b
21cm.
500
_a
Includes appendix and index.
942
_c
BK
999
_c
16407
_d
16407